Top 10 Most Livable Cities in Africa - Statistics

General Stats
  • This quiz has been taken 729 times
  • The average score is 6 of 10
Answer Stats
Rank City % Correct
1. Cape Town
95%
4. Johannesburg
78%
3. Nairobi
77%
7. Tunis
70%
8. Dar es Salaam
56%
2. Accra
49%
9. Windhoek
47%
5. Gaborone
32%
10. Kigali
30%
6. Libreville
21%
No matching quizzes found
Score Distribution
Percent of People with Each Score
Percentile by Number Answered
Your Score History
You have not taken this quiz